01457 a2200193 4500003000500000005001700005010001700022020001500039040000900054082001600063100002100079245006700100250001200167260006300179300006900242505084900311650002501160856007801185Nust20220810121622.0 a 2004007371 a0131141651 cNust00a621.381,KLE1 aKleitz, William.10aDigital electronics :ba practical approach /cWilliam Kleitz. a7th ed. aUpper Saddle River, N.J. :bPearson/Prentice Hall,cc2005. axx, 908 p. :bill. (some col.) ;c29 cm. +e1 CD-ROM (4 3/4 in.) aNumber Systems and Codes (Page-2), Digital Electronic Signals and Switches (Page-28), Basic Logic Gates (Page-60), Programmable Logic Devices: Altera and Xilinx CPLDs and FPGAs (Page-108), Boolean Algebra and Reduction Techniques (Page-128), Exclusive-Or and Exclusive-Nor Gates (Page-194), Arithmetic Operations And Circuits (Page-216), Code Converters, Multiplexers, And Demultiplexers (Page-258), Logic Families And Their Characteristics(Page-316), Flip-Flops And Registers (Page-360), Practical Considerations For Digital Design (Page-404), Counter Circuits And Vhdl State Machines (Page-452), Shift Registers(Page-532), Multivibrators And The 555 Timer (Page-580), Interfacing To The Analog World (Page-616), Semiconductor, Magnetic And Optical Memory (Page-654), Microprocessor Fundamentals (Page-694), The 8051 Microcontroller(Page-716). 0aDigital electronics.413Table of contentsuhttp://www.loc.gov/catdir/toc/ecip0416/2004007371.html